Filosofía de la comunicación en tiempos digitales

Saved in:
Bibliografiske detaljer
Hovedforfatter: Ure, Mariano (Author)
Format: Bog
Sprog:spansk
Udgivet: Buenos Aires Biblos 2010
Udgivelse:1a. ed
Serier:Filosofía
Fag:
Tags: Tilføj Tag
Ingen Tags, Vær først til at tagge denne postø!

MARC

LEADER 00000cam a2200000 a 4500
001 UCF4741
003 CL-VaPUC
008 121220e20100000AG |||||||||||||||||spa|d
020 |a 9789507868306 
082 0 4 |a 190  |b URE  |2 21 
100 0 |a Ure, Mariano  |e author  |9 566321 
245 1 0 |a Filosofía de la comunicación en tiempos digitales 
250 |a 1a. ed 
300 |a 283 p 
942 |c BK 
945 |d 20121220 00:00:00  |a dcastane 
260 |a Buenos Aires  |b Biblos  |c 2010 
650 0 |a Filosofía de las ciencias sociales  |9 268057 
650 0 |a Comunicación social  |9 334226 
650 0 |a Comunicación digital   |9 260754 
650 0 |a Crítica e interpretación   |9 255042 
583 |a last modification  |c 20121220 10:25:00  |k Rodrigo Vera 
490 0 |a Filosofía 
999 |c 350446  |d 350444 
952 |0 0  |1 0  |4 0  |6 190_000000000000000_URE_2010  |7 0  |8 A  |9 453771  |a BIBCUR  |b BIBCUR  |d 2019-11-22  |i 4935357  |o 190 URE 2010  |p 4935357  |r 2025-04-22  |w 2019-11-22  |y BK  |k PER